| 000 | 02264cam a22004694i 4500 | ||
|---|---|---|---|
| 003 | PE-LiUPU | ||
| 005 | 20250731172952.0 | ||
| 008 | 150623s1994 miu r 000 0 eng d | ||
| 020 | _a0801021677 | ||
| 035 | _a(Sirsi) i9780801021671 | ||
| 040 |
_aPE-LiUPU _bspa _cPE-LiUPU _erda |
||
| 049 | _aPRUA | ||
| 082 | 0 | 4 |
_a268 _bCh23 _221 |
| 245 | 0 | 4 |
_aThe Christian educator's handbook on spiritual formation / _ceditado por Kenneth O. Gangel & James C. Wilhoit. |
| 264 | 1 |
_aMichigan : _bBaker Books, _c1994. |
|
| 300 |
_a349 páginas ; _c23 centímetros |
||
| 336 |
_atext _2rdacontent |
||
| 337 |
_aunmediated _2rdamedia |
||
| 338 |
_avolume _2rdacarrier |
||
| 504 | _aIncluye bibliografía. | ||
| 505 | 0 | _aWhat is spiritual formation? -- Spiritual formation in the early church -- Salvation and spiritual formation -- The puritan model of spiritual formation -- Counterfeit spirituality -- God is most glorified in Us when we are most satisfied in Him -- Longing for eden and sinning on the way to Heaven -- Spiritual formation through public worship -- Living and growing in the christian year -- Nurturing the spiritual lives of teachers -- Principles of church renewal -- Teaching scripture intake -- Following the Lord's pattern of prayer -- Teaching people to pray -- The imitation of Christ: means and end of spiritual formation -- The spirit is willing: the body as a tool for spiritual growth -- Spiritual formation in children -- Spiritual formation of adolescents. | |
| 526 | _aSEG42 | ||
| 526 | _aSEG41 | ||
| 526 | _aSEG40 | ||
| 526 | _aSEG39 | ||
| 526 | _aP94 | ||
| 526 | _aP87 | ||
| 526 | _aP86 | ||
| 526 | _aP85 | ||
| 526 | _aP77 | ||
| 526 | _aP76 | ||
| 526 | _aP35 | ||
| 650 | 0 | 4 | _aEducación cristiana. |
| 700 | 1 |
_aKenneth O., Gangel, _eeditor. |
|
| 700 | 1 |
_aWilhoit, James, _eeditor. |
|
| 942 |
_2ddc _cBOOK |
||
| 949 |
_a268 CH23 _wDEWEY _c1 _i44994 _lCCODEBUL1 _mBUL _r0 _sY _tBOOK _u2015-6-24 _xTEOLOGIA _PP35 _0COMPRA _o.STAFF. Colección General |
||
| 994 |
_aC0 _bPEPRU |
||
| 596 | _a1 | ||
| 999 |
_a268 CH23 _wDEWEY _c21872 _i44994 _f2021-11-10 _g5 _lCCODEBUL1 _mBUL _p21.92 _r0 _sY _tBOOK _u2015-6-24 _xTEOLOGIA _PP35 _0COMPRA _o.STAFF. Colección Teología _d21872 |
||
| 980 |
_81 _gALBERTO SANCHEZ Responsable de Automatización |
||